| 000 | 01519nam a22004097a 4500 | ||
|---|---|---|---|
| 003 | CHAP | ||
| 005 | 20220329134932.0 | ||
| 008 | 971013s1976 r 00010 d | ||
| 010 | _a28319 | ||
| 011 | _a29291 | ||
| 035 | _a33402 | ||
| 040 | _cCHAP | ||
| 090 | _aTesis | ||
| 100 | 0 | 0 |
_aMacías Flores, Ignacio. _969505 |
| 245 | _aEfecto de la aplicación de materia orgánica y fertilización fosfórica en la producción de tomate (Lycopersicum esculentum, Bailey) en los suelos calcáreos de Apodaca, N.L. | ||
| 260 |
_a(Monterrey, N.L.) : _bEl autor, _c1976 |
||
| 300 |
_a61 h. _b; gráfs |
||
| 502 | _aTesis (Ing. Agrónomo en Producción) -- ITESM. Div. de Ciencias Agropecuarias y Marítimas | ||
| 590 |
_aALEPH _b10 _c20130110 _lUCH01 _h1249 |
||
| 590 |
_aBATCH-UPD _b10 _c20130110 _lUCH01 _h0223 |
||
| 590 |
_aBATCH-UPD _b10 _c20130110 _lUCH01 _h1118 |
||
| 590 |
_aBATCH-UPD _b10 _c20130409 _lUCH01 _h2244 |
||
| 590 |
_aBATCH-UPD _b10 _c20130410 _lUCH01 _h1242 |
||
| 590 |
_aBATCH-UPD _b10 _c20130913 _lUCH01 _h1824 |
||
| 590 |
_aBATCH-UPD _b10 _c20130914 _lUCH01 _h1403 |
||
| 590 |
_aCONVERSION _b10 _c20130109 _lUCH01 _h1316 |
||
| 650 | 1 | 4 |
_aAbonos. _9235 |
| 650 | 1 | 4 |
_aFertilizantes fosfatados. _940592 |
| 650 | 1 | 4 |
_aFertilizantes para tomate. _940639 |
| 650 | 1 | 4 |
_aFósforo _xEfecto en tomate. _942257 |
| 650 | 1 | 4 |
_aSuelos calcáreos. _9110539 |
| 650 | 1 | 4 |
_aTomate _xNuevo León. _9113746 |
| 650 | 1 | 4 |
_aTomate _xRendimiento. _9113761 |
| 901 | _aBK | ||
| 942 | _cTESIS | ||
| 949 |
_bBC _cTES _d-77696 _eTS1 _i33402 _si |
||
| 999 |
_c28319 _d28319 |
||